000 00419nam a22001697a 4500
999 _c1800
_d1800
003 SLTCLib
008 251215b ce ||||| |||| 00| 0 eng d
020 _a0060441070
041 _aEnglish
082 _a517
_bLEI
100 _aLeithold, Louis
_93289
245 _aThe Calculus with analytic geometry
250 _a6th
260 _aNew York
_bHarper Collins Publishers
_c1990
300 _a1110p.
942 _2ddc
_cMLN
945 _a3725
_bIshara wickramage
_c3725
_dIshara wickramage